[Event "AUTO-INT-3234"]
[Site "http://www.queenalice.com/game.php?id=1470269"]
[Date "2017.3.24"]
[Round "1"]
[White "kretin_alan"]
[Black "Sirius"]
[Result "0-1"]
[WhiteElo "1626"]
[BlackElo "1743"]

1. d4 e6 2. Nf3 Qf6 3. Bg5 Qf5 4. e3 b5 5. h3 Bb7 6. Nbd2 h6 7. Bh4 g5 8. Bg3 c5
9. Bd3 Qd5 10. Be4 Qxe4 11. Nxe4 Bxe4 12. Qe2 c4 13. c3 Nc6 14. O-O-O a5 15. a3
Nf6 16. Rh2 Nd5 17. Ne5 Nxe5 18. Bxe5 f6 19. Bg3 h5 20. f4 h4 21. Bf2 gxf4 22.
exf4 Bd3 23. Rxd3 cxd3 24. Qxd3 Nxf4 25. Qe4 Rc8 26. Qxf4 Bh6 0-1

[Event "AUTO-INT-3234"]
[Site "http://www.queenalice.com/game.php?id=1470276"]
[Date "2017.3.24"]
[Round "1"]
[White "kretin_alan"]
[Black "z3r0vulc4n"]
[Result "1-0"]
[WhiteElo "1610"]
[BlackElo "1618"]

1. d4 d5 2. Nf3 Nc6 3. Bf4 Nf6 4. e3 e6 5. c3 Bd6 6. Bg5 h6 7. Bh4 g5 8. Bg3
Bxg3 9. hxg3 Ne4 10. Qe2 Qd6 11. Nbd2 Nxd2 12. Nxd2 b6 13. O-O-O Bb7 14. f4 gxf4
15. gxf4 O-O-O 16. b4 f6 17. g4 e5 18. fxe5 fxe5 19. Bh3 exd4 20. exd4 Rhe8 21.
Qd3 Qf4 22. Rhf1 Qg5 23. Qf5+ Qxf5 24. gxf5 Re3 25. f6+ Kb8 26. f7 Rf8 27. Rde1
Rxc3+ 28. Kb2 Rxh3 29. Re8+ Bc8 30. Rxf8 Nxd4 31. Re8 Ne6 32. Rxe6 Bxe6 33.
f8=Q+ Kb7 34. Qe7 Re3 35. Rf6 Re2 36. Kc3 Bc8 37. Qxe2 1-0

[Event "AUTO-INT-3234"]
[Site "http://www.queenalice.com/game.php?id=1470277"]
[Date "2017.3.24"]
[Round "1"]
[White "z3r0vulc4n"]
[Black "kretin_alan"]
[Result "0-1"]
[WhiteElo "1660"]
[BlackElo "1620"]

1. e4 c6 2. d4 d5 3. e5 Bf5 4. Nf3 e6 5. Bg5 f6 6. exf6 gxf6 7. Bf4 Nd7 8. Bd3
Ne7 9. Bxf5 Nxf5 10. c3 Bh6 11. Bxh6 Nxh6 12. O-O Qe7 13. Qa4 Nf5 14. Nbd2 Nb6
15. Qb3 O-O-O 16. a4 h5 17. a5 Nd7 18. a6 b5 19. h3 Rh6 20. Qc2 Rg8 21. b3 Qd6
22. c4 dxc4 23. bxc4 Nxd4 24. Nxd4 Qxd4 25. Qc1 Rhg6 26. g3 Rxg3+ 27. Kh1 Rxh3#
0-1

[Event "AUTO-INT-3245"]
[Site "http://www.queenalice.com/game.php?id=1476875"]
[Date "2017.5.6"]
[Round "1"]
[White "fltrazzi"]
[Black "kretin_alan"]
[Result "1-0"]
[WhiteElo "1705"]
[BlackElo "1626"]

1. e4 c6 2. Bc4 d5 3. exd5 cxd5 4. Bb5+ Nc6 5. Bxc6+ bxc6 6. Nf3 Bf5 7. Nd4 Qd7
8. Qf3 Bg6 9. O-O Nf6 10. b3 e6 11. c4 a5 12. cxd5 cxd5 13. a3 Bd6 14. Bb2 e5
15. Ne2 Qg4 16. Qxg4 Nxg4 17. Nbc3 d4 18. Nb5 Kd7 19. h3 Rab8 20. a4 Bd3 21.
Rfe1 Nf6 22. Ba3 Bxb5 23. axb5 Rxb5 24. Bxd6 Kxd6 25. f4 Ra8 26. fxe5+ 1-0

[Event "AUTO-INT-3245"]
[Site "http://www.queenalice.com/game.php?id=1476876"]
[Date "2017.5.6"]
[Round "1"]
[White "kretin_alan"]
[Black "fltrazzi"]
[Result "0-1"]
[WhiteElo "1595"]
[BlackElo "1703"]

1. d4 Nf6 2. Nf3 c6 3. Bf4 d6 4. e3 Bg4 5. Nbd2 Qa5 6. c3 Bxf3 7. Qxf3 g5 8. Bg3
h5 9. h4 g4 10. Qd1 b5 11. a3 c5 12. b4 cxb4 13. axb4 Qd8 14. Bxb5+ Nfd7 15. Qc2
a6 16. Qe4 Ra7 17. Nc4 e6 18. d5 axb5 19. Rxa7 Nf6 20. Qd4 bxc4 21. e4 e5 22.
Qxc4 Bh6 23. f3 gxf3 24. gxf3 Rg8 25. Kf2 Qb6+ 26. Ke2 Qxa7 27. Bf2 Rg2 28. Rf1
Be3 29. Qc8+ Ke7 30. Kd3 Bxf2 0-1

[Event "AUTO-INT-3245"]
[Site "http://www.queenalice.com/game.php?id=1476891"]
[Date "2017.5.6"]
[Round "1"]
[White "kretin_alan"]
[Black "Jucaballa"]
[Result "0-1"]
[WhiteElo "1619"]
[BlackElo "1641"]

1. d4 d5 2. Nf3 Nf6 3. Bf4 Nc6 4. e3 e6 5. h3 Ne4 6. c3 Qf6 7. Nbd2 Bd6 8. Bxd6
Nxd6 9. Bd3 e5 10. Nxe5 Nxe5 11. dxe5 Qxe5 12. Nf3 Qe6 13. Nd4 Qf6 14. Nf3 Be6
15. Qc2 O-O-O 16. O-O-O h5 17. Nd4 Rhe8 18. f4 g5 19. Rhf1 g4 20. Nxe6 Rxe6 21.
Rde1 Rde8 22. f5 Rxe3 23. Re2 Qg5 24. Rxe3 Rxe3 25. Kd1 Ne4 26. Bxe4 Rxe4 27.
Re1 Qxf5 28. Rxe4 dxe4 29. Ke2 h4 30. b4 gxh3 31. gxh3 Qf3+ 32. Kd2 Qf2+ 33. Kd1
Qf3+ 34. Qe2 Qxe2+ 35. Kxe2 Kd7 36. Ke3 f5 37. Kf4 Ke6 38. c4 b6 39. a4 a6 0-1

[Event "AUTO-INT-3245"]
[Site "http://www.queenalice.com/game.php?id=1476892"]
[Date "2017.5.6"]
[Round "1"]
[White "Jucaballa"]
[Black "kretin_alan"]
[Result "0-1"]
[WhiteElo "1660"]
[BlackElo "1583"]

1. e4 c6 2. c3 d5 3. d3 dxe4 4. d4 Bf5 5. g4 Bg6 6. Bc4 e6 7. h4 h5 8. Nd2 Nf6
9. g5 Nd5 10. Nh3 Bd6 11. Qe2 Nd7 12. Nxe4 Bc7 13. f4 b5 14. Bd3 a5 15. b3 Qe7
16. c4 bxc4 17. Bxc4 Bb6 18. a4 Bxd4 19. Ba3 Bc3+ 20. Nxc3 Nxc3 21. Qb2 c5 22.
Qxc3 O-O 23. Bb2 f6 24. O-O Rad8 25. Rae1 Bf7 26. Qxa5 e5 27. g6 Bxc4 28. bxc4
Ra8 29. Qb5 Rfd8 30. Re3 Rab8 31. Qc6 Rxb2 32. fxe5 Nxe5 33. Qa6 Rdd2 34. Rxe5
Rg2+ 35. Kh1 Rh2+ 0-1

[Event "AUTO-INT-3245"]
[Site "http://www.queenalice.com/game.php?id=1476893"]
[Date "2017.5.6"]
[Round "1"]
[White "kretin_alan"]
[Black "Ricardoabreu"]
[Result "1-0"]
[WhiteElo "1602"]
[BlackElo "1626"]

1. d4 g6 2. Nf3 b6 3. Bf4 Bg7 4. e3 Bb7 5. Nbd2 d6 6. Bc4 e6 7. c3 Qe7 8. Qc2
Nf6 9. h3 Nd5 10. Bg5 f6 11. Bh4 g5 12. Bg3 a6 13. a3 b5 14. Ba2 Nc6 15. h4
O-O-O 16. Ne4 Nb6 17. hxg5 fxg5 18. Nexg5 Rde8 19. O-O Bf6 20. Ne4 h5 21. Nxf6
Qxf6 22. Qe2 h4 23. Bh2 h3 24. g4 Reg8 25. Nd2 Qf5 26. f3 Na5 27. Bb1 Qf6 28.
Be4 d5 29. Bd3 Nac4 30. Nxc4 bxc4 31. Bc2 Qg5 32. Bf4 Qe7 33. Rf2 Rh4 34. Kh2
Rgh8 35. Rg1 Nd7 36. g5 Nf8 37. g6 Rg8 38. Bg5 Qe8 39. Bxh4 Nxg6 40. Bxg6 Rxg6
41. Rg3 Rxg3 42. Kxg3 Qg6+ 43. Kxh3 Kb8 44. f4 Qf5+ 45. Kg3 Bc8 46. Qg4 Qe4 47.
Re2 e5 48. Qf3 Qg6+ 49. Bg5 exf4+ 50. Qxf4 Qh5 51. Rh2 Qg6 52. Rh6 Qc2 53. Rc6
1-0

[Event "AUTO-INT-3245"]
[Site "http://www.queenalice.com/game.php?id=1476894"]
[Date "2017.5.6"]
[Round "1"]
[White "Ricardoabreu"]
[Black "kretin_alan"]
[Result "1-0"]
[WhiteElo "1558"]
[BlackElo "1613"]

1. b3 d5 2. Bb2 Bf5 3. g3 e6 4. e3 Bd6 5. Bxg7 Nd7 6. Bxh8 f6 7. g4 Be4 8. f3
Bg6 9. d4 Qe7 10. Ne2 O-O-O 11. a3 Nh6 12. Bxf6 Qxf6 13. Nec3 c6 14. b4 b5 15.
Nd2 Nf7 16. Bg2 e5 17. Nb3 exd4 18. Nxd4 Kc7 19. f4 Qh4+ 20. Kd2 Qf2+ 21. Qe2
Qxe2+ 22. Ndxe2 h5 23. h3 hxg4 24. hxg4 Rh8 25. Rxh8 Nxh8 26. Rh1 Nf7 27. Nd4 a6
28. f5 1-0

[Event "AUTO-INT-3281"]
[Site "http://www.queenalice.com/game.php?id=1496072"]
[Date "2017.9.22"]
[Round "1"]
[White "JailtonMaster"]
[Black "kretin_alan"]
[Result "1-0"]
[WhiteElo "1938"]
[BlackElo "1685"]

1. e4 c6 2. d4 d5 3. exd5 cxd5 4. c4 Nf6 5. Nc3 Nc6 6. Nf3 Bg4 7. cxd5 Nxd5 8.
h3 Bh5 9. Be3 Nxe3 10. fxe3 h6 11. Be2 e6 12. O-O Bd6 13. Qb3 Qd7 14. Ne5 Bxe5
15. Bxh5 Bf6 16. Ne4 O-O 17. Nxf6+ gxf6 18. Rxf6 Kg7 19. Raf1 Nd8 20. Qd1 e5 21.
dxe5 Qxd1 22. Rxd1 Rc8 23. Rd7 Rc1+ 24. Kh2 Rc6 25. Rxc6 bxc6 26. Rxa7 Re8 27.
Rd7 Rxe5 28. Rxd8 Rxh5 29. Rd6 Re5 30. Rxc6 Rxe3 31. b4 f6 32. b5 1-0

[Event "AUTO-INT-3281"]
[Site "http://www.queenalice.com/game.php?id=1496073"]
[Date "2017.9.22"]
[Round "1"]
[White "kretin_alan"]
[Black "JailtonMaster"]
[Result "1-0"]
[WhiteElo "1637"]
[BlackElo "2042"]

1. d4 d5 2. Nf3 Nf6 3. Bf4 e6 4. e3 Be7 5. c3 O-O 6. Nbd2 c5 7. Bd3 Nc6 8. Qc2
cxd4 9. exd4 a6 10. h3 b5 11. g4 Bb7 12. Ne5 Nxe5 13. Bxe5 Nd7 14. Nf3 Nxe5 15.
Nxe5 g6 16. h4 f5 17. gxf5 exf5 18. Rg1 Bxh4 19. Bxf5 Kh8 20. Nxg6+ hxg6 21.
Rxg6 Bc8 22. Rh6+ Kg7 23. Rh7+ Kg8 24. Be6+ Rf7 25. Qg6+ 1-0

[Event "AUTO-INT-3281"]
[Site "http://www.queenalice.com/game.php?id=1496086"]
[Date "2017.9.22"]
[Round "1"]
[White "NickThorp"]
[Black "kretin_alan"]
[Result "0-1"]
[WhiteElo "1716"]
[BlackElo "1667"]

1. e4 c6 2. Nf3 d5 3. Nc3 Bg4 4. Be2 e6 5. h3 Bh5 6. Ne5 Bxe2 7. Qxe2 Qc7 8.
exd5 Nd7 9. Nxd7 Qxd7 10. dxe6 fxe6 11. d3 O-O-O 12. Bg5 Nf6 13. O-O Bd6 14. Ne4
Rhf8 15. Nxd6+ Qxd6 16. Rfe1 Rde8 17. a3 h6 18. Bh4 Nd7 19. Bg3 e5 20. Qg4 Rf7
21. Re4 Kc7 22. c4 Qxd3 23. Kh2 Qd6 24. b4 Nf6 25. Bxe5 Nxg4+ 26. hxg4 Rxe5 27.
Rxe5 Qxe5+ 0-1

[Event "AUTO-INT-3281"]
[Site "http://www.queenalice.com/game.php?id=1496087"]
[Date "2017.9.22"]
[Round "1"]
[White "kretin_alan"]
[Black "NickThorp"]
[Result "1/2-1/2"]
[WhiteElo "1679"]
[BlackElo "1623"]

1. d4 d5 2. Nf3 Nc6 3. Bf4 Bf5 4. e3 e6 5. Nbd2 Bb4 6. c3 Bd6 7. Bxd6 Qxd6 8. h3
Nf6 9. g4 Be4 10. g5 Nd7 11. Rg1 O-O-O 12. Nxe4 dxe4 13. Nd2 h6 14. Nxe4 Qh2 15.
Rg3 hxg5 16. Nxg5 Qh1 17. Nxf7 Ne7 18. Nxd8 Kxd8 19. Qg4 Nf5 20. Rg1 Qd5 21. a3
Rg8 22. Bd3 Qb3 23. Bxf5 exf5 24. Qxf5 Qxb2 25. Rb1 Qxc3+ 26. Ke2 Qc4+ 27. Qd3
Qa2+ 28. Kf3 Rf8+ 29. Ke4 Nf6+ 30. Kf3 Nh5+ 31. Kg4 Nf6+ 32. Kg3 Nh5+ 33. Kg4
1/2-1/2

[Event "AUTO-INT-3281"]
[Site "http://www.queenalice.com/game.php?id=1517956"]
[Date "2018.3.1"]
[Round "2"]
[White "kretin_alan"]
[Black "EdBrazil"]
[Result "1-0"]
[WhiteElo "1677"]
[BlackElo "1580"]

1. d4 Nf6 2. Nf3 d6 3. Bf4 Qd7 4. h3 Qb5 5. b3 Nc6 6. e3 Qf5 7. Bd3 Ne4 8. Nbd2
Nc3 9. Bxf5 Nxd1 10. Bxc8 Nxf2 11. Bxb7 Nxh1 12. Bxc6+ Kd8 13. Bxa8 e6 14. c4
Kd7 15. Ne4 Be7 16. O-O-O Rxa8 17. Rxh1 c5 18. dxc5 e5 19. cxd6 Bxd6 20. Nxe5+
Bxe5 21. Bxe5 Re8 22. Nc5+ Kc6 23. Bd4 1-0

[Event "AUTO-INT-3281"]
[Site "http://www.queenalice.com/game.php?id=1517957"]
[Date "2018.3.1"]
[Round "2"]
[White "EdBrazil"]
[Black "kretin_alan"]
[Result "0-1"]
[WhiteElo "1504"]
[BlackElo "1689"]

1. d4 d5 2. e3 Nf6 3. f3 Bf5 4. Bd3 Bxd3 5. Qxd3 a6 6. Nh3 e6 7. O-O Nbd7 8. Bd2
Bd6 9. e4 dxe4 10. fxe4 e5 11. Qb3 Rb8 12. Ng5 Qe7 13. dxe5 Bxe5 14. c3 Rf8 15.
Na3 b5 16. Rac1 Qd6 17. Nc2 c5 18. Ne3 h6 19. Nf5 Qxd2 20. Nxg7+ Kd8 21. Nxf7+
Kc8 22. Rcd1 Qe3+ 23. Kh1 Ng4 24. Nxe5 Rxf1+ 25. Rxf1 Ndxe5 26. Qe6+ Kb7 27.
Rf7+ Nxf7 28. Qxf7+ Ka8 29. Qd5+ Rb7 30. h3 Qe1# 0-1

[Event "AUTO-INT-3281"]
[Site "http://www.queenalice.com/game.php?id=1534611"]
[Date "2018.7.13"]
[Round "3"]
[White "spin27"]
[Black "kretin_alan"]
[Result "0-1"]
[WhiteElo "1791"]
[BlackElo "1665"]

1. d4 d5 2. c4 c6 3. e3 Nf6 4. Nc3 Bf5 5. Qf3 e6 6. Na4 Nbd7 7. Nh3 h6 8. Bd2
Bd6 9. c5 Bc7 10. O-O-O Ba5 11. b4 Bc7 12. b5 Rb8 13. Nc3 Qc8 14. g3 Ba5 15. a4
b6 16. Nf4 bxc5 17. dxc5 Nxc5 18. Kb2 O-O 19. h3 a6 20. g4 Be4 21. Nxe4 Nxa4+
22. Ka3 Nxe4 23. Bxa5 Nac3 24. Bxc3 Nxc3 25. Rc1 Nxb5+ 26. Ka4 Nd6 27. Bd3 Qd7
28. Rb1 c5+ 29. Ka5 Qc7+ 30. Kxa6 Ra8# 0-1

[Event "AUTO-INT-3281"]
[Site "http://www.queenalice.com/game.php?id=1534612"]
[Date "2018.7.13"]
[Round "3"]
[White "kretin_alan"]
[Black "spin27"]
[Result "1-0"]
[WhiteElo "1686"]
[BlackElo "1746"]

1. d4 d5 2. Nf3 Nf6 3. Bf4 e6 4. e3 c5 5. c3 Nc6 6. h3 Qb6 7. Qc2 c4 8. Nbd2 Qb5
9. b4 a5 10. a4 Nxb4 11. cxb4 Qxb4 12. Rb1 Qa3 13. Rb5 Bd7 14. Rxb7 Bxa4 15. Qb1
Bb4 16. Rb8+ Ke7 17. Rxh8 Rxh8 18. Be2 Qc3 19. O-O Bc2 20. Rc1 Bxb1 21. Rxc3
Bxc3 22. Nxb1 Bb4 23. Bd1 Ra8 24. g4 a4 25. Ne5 a3 26. Nc6+ Kd7 27. Nxb4 c3 28.
Nxc3 Ne4 29. Nca2 Nd2 30. Kg2 h6 31. f3 Nc4 32. Kf2 Ra5 33. Ke2 Ke7 34. Bb3 1-0

[Event "AUTO-INT-3359"]
[Site "http://www.queenalice.com/game.php?id=1534703"]
[Date "2018.7.13"]
[Round "1"]
[White "od_xavier"]
[Black "kretin_alan"]
[Result "1-0"]
[WhiteElo "1318"]
[BlackElo "1685"]

1. Nc3 d5 2. f3 c6 3. d4 Bf5 4. g4 Bg6 5. h4 h5 6. g5 e6 7. e4 Bb4 8. Bd2 Nd7 9.
e5 Ne7 10. Nge2 f5 11. a3 Ba5 12. b4 Bb6 13. a4 a5 14. bxa5 Bxa5 15. f4 Nb6 16.
Nb1 Nc4 17. Bxa5 Qxa5+ 18. Kf2 Nb2 19. Qc1 Nc4 20. Rh3 b5 21. Nec3 O-O 22. Bxc4
bxc4 23. Qa3 Bf7 24. Qxe7 g6 25. Qd6 Rfc8 26. Ra2 Qc7 27. Qc5 Ra5 28. Qa3 c5 29.
Nb5 Qb6 30. N1c3 cxd4 31. Qb4 d3+ 32. Ke1 Qg1+ 33. Kd2 Qg2+ 34. Kc1 Ra6 35. Nd6
Rf8 36. cxd3 Qxh3 37. Qb5 Qf1+ 38. Nd1 Qxf4+ 39. Kb1 Rxd6 40. exd6 Qxd6 41. Qa5
cxd3 42. Qc3 Rb8+ 43. Nb2 Qg3 44. Qc1 Qe5 45. a5 Be8 46. Qd2 Bb5 47. Kc1 Bc4 48.
Nxc4 dxc4 49. a6 1-0

[Event "AUTO-INT-3359"]
[Site "http://www.queenalice.com/game.php?id=1534704"]
[Date "2018.7.13"]
[Round "1"]
[White "kretin_alan"]
[Black "od_xavier"]
[Result "1-0"]
[WhiteElo "1672"]
[BlackElo "1603"]

1. d4 Nf6 2. Nf3 h6 3. Bf4 d6 4. e3 Bg4 5. Nbd2 Nbd7 6. Be2 e6 7. c3 e5 8. dxe5
Bxf3 9. Nxf3 dxe5 10. Nxe5 Nxe5 11. Qxd8+ Rxd8 12. Bxe5 Be7 13. Bd4 O-O 14.
O-O-O Ne4 15. Rhf1 Bd6 16. f4 c5 17. Be5 Bxe5 18. fxe5 a6 19. Rxd8 Rxd8 20. Bc4
b5 21. Bxf7+ Kh8 22. Bg6 Ng5 23. h4 Ne6 24. g4 c4 25. Rf7 Rd5 26. Kc2 Rxe5 27.
Re7 Kg8 28. Re8+ Nf8 29. Rxe5 Nxg6 30. Re6 Nxh4 31. Rxa6 Nf3 32. a4 bxa4 33.
Rxa4 Ne5 34. b4 Nxg4 35. Kd2 h5 36. Ra1 g6 37. b5 Ne5 38. b6 Kf7 39. b7 h4 40.
b8=Q Kf6 41. Rf1+ Ke6 42. Qe8+ Kd5 43. Qb5+ Ke4 44. Rf4# 1-0

[Event "AUTO-INT-3359"]
[Site "http://www.queenalice.com/game.php?id=1534719"]
[Date "2018.7.13"]
[Round "1"]
[White "rafael_100000"]
[Black "kretin_alan"]
[Result "1-0"]
[WhiteElo "1662"]
[BlackElo "1698"]

1. e4 c6 2. d4 d5 3. e5 Bf5 4. Nf3 e6 5. Nc3 Bb4 6. Bd2 Nd7 7. a3 Ba5 8. b4 Bb6
9. Na4 h6 10. Nxb6 Nxb6 11. Bd3 Bxd3 12. cxd3 Ne7 13. a4 Nd7 14. O-O f5 15. exf6
gxf6 16. a5 a6 17. Re1 Kf7 18. Nh4 Qg8 19. Qh5+ Ng6 20. Nxg6 1-0

[Event "AUTO-INT-3359"]
[Site "http://www.queenalice.com/game.php?id=1534720"]
[Date "2018.7.13"]
[Round "1"]
[White "kretin_alan"]
[Black "rafael_100000"]
[Result "0-1"]
[WhiteElo "1681"]
[BlackElo "1679"]

1. d4 d5 2. Nf3 Nc6 3. Bf4 e6 4. e3 Nf6 5. Nbd2 Ne4 6. Nxe4 dxe4 7. Nd2 f5 8. c3
Bd6 9. Bxd6 cxd6 10. f4 e5 11. fxe5 dxe5 12. h3 Qh4+ 13. Ke2 O-O 14. Qb3+ Kh8
15. Kd1 a5 16. a4 f4 17. Nxe4 fxe3 18. Nd6 Qh5+ 19. Be2 Qg6 0-1

[Event "AUTO-INT-3359"]
[Site "http://www.queenalice.com/game.php?id=1534729"]
[Date "2018.7.13"]
[Round "1"]
[White "ajr"]
[Black "kretin_alan"]
[Result "1-0"]
[WhiteElo "1676"]
[BlackElo "1689"]

1. Nf3 d5 2. h3 Bf5 3. d4 c6 4. g4 Bg6 5. Bf4 e6 6. Bxb8 Qxb8 7. e3 Bd6 8. Bd3
Ne7 9. a3 Qc7 10. Bxg6 Nxg6 11. Nc3 O-O-O 12. Ke2 Rhf8 13. Qd3 f5 14. g5 f4 15.
e4 e5 16. exd5 Rfe8 17. Kd2 exd4 18. Qxd4 a6 19. h4 Be5 20. Nxe5 Qxe5 21. Qxe5
Rxe5 22. Rae1 f3 23. Rxe5 Nxe5 24. Ke3 cxd5 25. Rd1 Nc4+ 26. Kxf3 Nxb2 27. Rxd5
Rf8+ 28. Kg3 g6 29. Ne4 Kc7 30. Nf6 Rf7 31. f4 Kc6 32. Kf3 Nc4 33. a4 b5 34.
axb5+ axb5 35. Ke4 Nd6+ 36. Kd4 Nf5+ 37. Rxf5 gxf5 38. Ke5 Kc7 39. Kd4 Kc6 40.
Ke5 Kc5 41. h5 Re7+ 42. Kxf5 Kd6 43. g6 h6 44. Ng4 Kd5 45. Kf6 Re4 46. Kf5 Rc4
47. Ne3+ 1-0

[Event "AUTO-INT-3359"]
[Site "http://www.queenalice.com/game.php?id=1534730"]
[Date "2018.7.13"]
[Round "1"]
[White "kretin_alan"]
[Black "ajr"]
[Result "0-1"]
[WhiteElo "1704"]
[BlackElo "1727"]

1. d4 d5 2. Nf3 h6 3. Bf4 g5 4. Be5 f6 5. Bg3 Nc6 6. e3 a6 7. c3 Bg4 8. Nbd2 h5
9. h3 Bxf3 10. Nxf3 e6 11. Bd3 f5 12. Qc2 Nf6 13. Nxg5 Qe7 14. f4 Rg8 15. O-O-O
Ne4 16. Bxe4 dxe4 17. h4 Bh6 18. Qe2 Bxg5 19. Qxh5+ Qf7 20. Qxf7+ Kxf7 21. hxg5
Na5 22. Kc2 Nc4 23. Bf2 Rh8 24. Rh6 Rxh6 25. gxh6 Rh8 26. Rh1 Kg6 27. b3 Na3+
28. Kb2 Nb5 29. a4 Nd6 30. b4 Rxh6 31. Rxh6+ Kxh6 32. Kb3 c6 33. c4 b6 34. Bh4
Nb7 35. d5 exd5 36. a5 b5 37. cxb5 cxb5 38. Kc3 Nd6 39. Kd4 Nc4 40. Kxd5 Nxe3+
41. Kd4 Nxg2 42. Bg5+ Kh5 43. Be7 Nxf4 44. Ke3 Nd5+ 0-1